| 000 | 00816nam a22002297a 4500 | ||
|---|---|---|---|
| 999 |
_c6807 _d6807 |
||
| 003 | AR-CdUCM | ||
| 008 | 190319b ||||| |||| 00| 0 spa d | ||
| 020 | _a84-205-0480-7 | ||
| 040 |
_aMUNICIPALIDAD PROVINCIAL DEL CUSCO _cBIBLIOTECA MUNICIPAL DEL CUSCO |
||
| 041 | _heng | ||
| 082 |
_a510 / _bC68 |
||
| 100 |
_aClark, A. _919177 |
||
| 245 | _aElementos de Álgebra Abstracta / | ||
| 260 |
_aEspaña : _bAlhambra ; _c1974. |
||
| 300 |
_a272 páginas ; _bFórmulas _c20cm |
||
| 440 |
_aColección Exedra - Ciencia Técnica Ingeniería _n93 _919178 |
||
| 505 | _aContenido: Teoría de conjuntos -- Teoría de grupos -- Teoría de campos -- Teoría de Galois -- Teoría de anillos... | ||
| 650 |
_aMatemáticas _99398 |
||
| 700 |
_aLópez-Lago, A. (traducción) _919151 |
||
| 942 |
_2ddc _cLIBROS |
||
| 945 | _anom | ||